| 000 | 00627nam a22002651 4500 | ||
|---|---|---|---|
| 001 | 1458862 | ||
| 003 | DO-SdBNP | ||
| 005 | 20160414135030.0 | ||
| 007 | 1458862 | ||
| 008 | 990501s19uu dr | ||
| 016 | 7 |
_a _z _2BPMSU |
|
| 017 |
_a _b |
||
| 035 | _a | ||
| 040 |
_aBPMSU _bspa _cBPMSU |
||
| 080 | 0 | _a | |
| 245 | 1 | 0 | _aSonata libro de lectura segundo grado |
| 260 |
_aSanto Domingo : _bSantillana, _c[190?] |
||
| 300 |
_a144 p.: _bil. ; _c27 cm |
||
| 490 | 0 | _aEl Árbol Alegre | |
| 650 | 7 |
_a _v _2 |
|
| 700 | _a | ||
| 830 | _aEl Árbol Alegre | ||
| 942 |
_2ddc _cBK |
||
| 956 |
_aVMATEO _210 _320160416 _6BPMSU _80069 |
||
| 999 |
_c9781 _d9781 |
||